000 01533cam a22001934a 4500
005 20250605163944.0
008 250528s ||||||||||||||||||||||||d
035 _a15143
020 _a77078713
040 _aGR-AtMCL
_bgre
_dGR-AtMCL
_eAACR2
245 1 _aIntroduction to International Business
260 _bMcgraw Hill Publishing Company,
_c1994
300 _a222
520 _aThis book provides a comprehensive analysis of international business in the world's socio-political and multicultural context. Preface: Towards a Political Economy of International Business, Acknowledgements, The Environment of International Business, Analyzing the Environment of International Business, Political Risk Analysis, Legal Environment Analysis, The Sociocultural Environment of International Business, The Financial Environment of International Business, The Internationalization of Business, The Internationalization of Trade, Modern Theories of the Firm, The Changing Relationship Between Governments and Firms, The Globalization of Business Operations and Management, International Human Resource Management, International Marketing, Global Strategic Management, Business in the Single European Market, The Creation of the Single European Market, From Economic to Political Union, Strategies for the Single European Market, Doing Business in Central and Eastern Europe, Glossary of Key Terms, Selected Newspapers and Journals, References.
700 1 _aEl Kahal Sonia
_9998
942 _cBK
999 _c737
_d737